Name all the countries and some territory ( 6 provinces) - Statistics

General Stats
  • This quiz has been taken 4 times
  • The average score is 112 of 251
Answers on the Map
Answers color-coded by a green-red scale on the quiz's map according to % correct below.
 
Answer Stats
Answer % Correct
bahamas
100%
australia
75%
austria
75%
barbados
75%
belize
75%
bolivia
75%
brazil
75%
canada
75%
chile
75%
china
75%
colombia
75%
costa rica
75%
cuba
75%
dominica
75%
ecuador
75%
egypt
75%
el salvador
75%
france
75%
germany
75%
greece
75%
guatemala
75%
haiti
75%
india
75%
italy
75%
japan
75%
kenya
75%
luxemburg
75%
mexico
75%
nicaragua
75%
north korea
75%
paraguay
75%
peru
75%
russia
75%
singapore
75%
south korea
75%
spain
75%
sweden
75%
switzerland
75%
uk
75%
ukraine
75%
uruguay
75%
usa
75%
afghanistan
50%
albania
50%
algeria
50%
andorra
50%
angola
50%
antigua
50%
argentina
50%
armenia
50%
bahrain
50%
belarus
50%
belguim
50%
benin
50%
bhutan
50%
bosnia
50%
botswana
50%
brunei
50%
bulgaria
50%
burkina faso
50%
burundi
50%
cambodia
50%
cameroon
50%
cape verde
50%
car
50%
chad
50%
comoros
50%
congo
50%
croatia
50%
cyprus
50%
czechia
50%
denmark
50%
djibouti
50%
dominican republic
50%
drc
50%
east timor
50%
equatorial guinea
50%
eritrea
50%
estonia
50%
ethiopia
50%
fiji
50%
finland
50%
fsm
50%
gabon
50%
gambia
50%
georgia
50%
ghana
50%
grenada
50%
guinea
50%
guyana
50%
honduras
50%
hungary
50%
iceland
50%
indonesia
50%
iran
50%
iraq
50%
ireland
50%
israel
50%
ivory coast
50%
jamaica
50%
jorden
50%
kazakhstan
50%
kiribati
50%
kosovo
50%
kuwait
50%
laos
50%
latvia
50%
lesotho
50%
liberia
50%
libya
50%
lithuania
50%
macedonia
50%
madagascar
50%
malawi
50%
malaysia
50%
maldives
50%
mali
50%
malta
50%
marshall islands
50%
mauritania
50%
maurituis
50%
moldova
50%
monaco
50%
mongolia
50%
montenegro
50%
morrocco
50%
mozambique
50%
myanmar
50%
namibia
50%
nauru
50%
nepal
50%
netherlands
50%
new zealand
50%
niger
50%
nigeria
50%
norway
50%
oman
50%
pakistan
50%
palau
50%
panama
50%
poland
50%
portugal
50%
qatar
50%
romania
50%
rwanda
50%
san marino
50%
sao tome
50%
saudi arabia
50%
senegal
50%
serbia
50%
seychelles
50%
sierra leone
50%
slovakia
50%
slovenia
50%
solomon islands
50%
somalia
50%
south africa
50%
south sudan
50%
sri lanka
50%
st kitts
50%
st lucia
50%
st vincent
50%
sudan
50%
suriname
50%
swaziland
50%
syria
50%
taiwan
50%
tajikistan
50%
tanzania
50%
thailand
50%
togo
50%
tonga
50%
trinidad
50%
tunisia
50%
turkey
50%
turkmenistan
50%
tuvalu
50%
uae
50%
uganda
50%
uzbekistan
50%
vanuatu
50%
vatican
50%
venezuela
50%
vietnam
50%
yemen
50%
zambia
50%
zimbabwe
50%
bermuda
25%
catalonia
25%
cayman islands
25%
cook islands
25%
easter island
25%
england
25%
french polynesia
25%
greenland
25%
guadeloupe
25%
guam
25%
kaliningrad
25%
kurdistan
25%
martinique
25%
new south wales
25%
northern ireland
25%
palestine
25%
png
25%
puerto rico
25%
queensland
25%
scotland
25%
somaliland
25%
south australia
25%
south ossetia
25%
tasmania
25%
tibet
25%
turks and caicos islands
25%
victoria
25%
virgin islands
25%
wales
25%
western australia
25%
western sahara
25%
abkhazia
0%
act
0%
american somoa
0%
azerbijan
0%
bangledesh
0%
bougainville
0%
chuuk islands
0%
east libya
0%
falkland islands
0%
flemish republic
0%
french guinea
0%
guinea bassau
0%
hong kong
0%
jervis bay
0%
kongo
0%
krgyzstan
0%
lebenon
0%
liechtenstien
0%
midway islands
0%
new caledonia
0%
northern territory
0%
philipines
0%
pitcairn islands
0%
prussia
0%
somoa
0%
south georgia
0%
transnistria
0%
veneto
0%
wake island
0%
western somoa
0%
west libya
0%
west paupu
0%
yugoslavia
0%
No matching quizzes found
Score Distribution
Percent of People with Each Score
Percentile by Number Answered
Your Score History
You have not taken this quiz